|
|
|
|
| LEADER |
00000nam0a2200000 4500 |
| 001 |
321604 |
| 005 |
20231102003407.0 |
| 035 |
|
|
|a (RuTPU)RU\TPU\book\347160
|
| 090 |
|
|
|a 321604
|
| 100 |
|
|
|a 20160831d1978 m y0rusy50 ca
|
| 101 |
0 |
|
|a rus
|
| 102 |
|
|
|a RU
|
| 105 |
|
|
|a y z 000zy
|
| 200 |
1 |
|
|a Библиографическое описание произведений печати
|e инструктивно-методические указания
|f Государственная библиотека СССР им. В.И. Ленина, Междуведомственная каталогизационная комиссия ; под ред. О. И. Бабкина ; под ред. В. А. Василевской [и др.]
|
| 210 |
|
|
|a Москва
|c Изд-во ГБЛ
|d 1978
|
| 215 |
|
|
|a 198 с.
|
| 606 |
1 |
|
|a Библиографическое описание произведений печати
|2 stltpush
|3 (RuTPU)RU\TPU\subj\28573
|9 52091
|
| 610 |
1 |
|
|a книги
|
| 610 |
1 |
|
|a области описания
|
| 610 |
1 |
|
|a издания
|
| 610 |
1 |
|
|a многотомные издания
|
| 610 |
1 |
|
|a сериальные издания
|
| 610 |
1 |
|
|a аналитическое описание
|
| 610 |
1 |
|
|a ссылки
|
| 610 |
1 |
|
|a примеры
|
| 686 |
|
|
|a Ч736.23
|v LBC/SL-A
|2 rubbk
|
| 702 |
|
1 |
|a Бабкина
|b О. И.
|4 340
|
| 702 |
|
1 |
|a Василевская
|b В. А.
|4 340
|
| 702 |
|
1 |
|a Герасимова
|b Н. И.
|4 340
|
| 702 |
|
1 |
|a Госин
|b И. Я.
|4 340
|
| 712 |
0 |
2 |
|a Государственная библиотека СССР им. В.И. Ленина
|b Междуведомственная каталогизационная комиссия
|2 stltpush
|3 (RuTPU)RU\TPU\col\6015
|
| 801 |
|
1 |
|a RU
|b 63413507
|c 20160831
|
| 801 |
|
2 |
|a RU
|b 63413507
|c 20160915
|g RCR
|
| 942 |
|
|
|c BK
|